000 00579nam a22002057a 4500
005 20151211061654.0
008 090921s2011 nyua 001 0 eng
020 _a9780078136603
041 0 _aeng
080 _a657
100 1 _aAinsworth, Penne.
245 1 0 _aIntroduction to accounting :
_cPenne Ainsworth, Dan Deines.
250 _a6th ed.
260 _aNew York :
_bMcGraw-Hill Irwin,
_c2011.
300 _a647 f. :
_bme il.;
_c28 cm.
505 _aIndex: f. 637 - 647
650 0 _aKontabiliteti
700 1 _aDeines, Dan S.
942 _2udc
_cBK
999 _c744
_d744